• 首页
  • 本馆介绍
  • 公告通知
  • 最新文献
  • 馆藏检索
  • 电子资源
  • 读者导购
  • 参考咨询
  • 我的图书馆
  • 登录
  • 详细信息显示
  • 放入我的书架
  • 预约/预借图书
  • 作者相关作品
  • 分类相关作品
  • 丛书相关作品
  • 出版社相关作品

书目信息

  • 表格格式
  • 工作单格式
  • 卡片格式
题名:
中外学前教育史
    
 
作者: 孙昕 , 贾蓉 , 刘剑钊 主编
分册:  
出版信息: 北京   航空工业出版社  2021.2
页数: 217页
开本: 26cm
丛书名:
单 册:
中图分类: G619.1
科图分类:
主题词: 学前教育--教育史--世界--教材
电子资源:
ISBN: 978-7-5165-2100-7
000 01053nam0 2200265 45
001 012001002199
005 20140823083451.0
010    @a978-7-5165-2100-7@dCNY45.00
100    @a20201022d2019 em y0chiy0110 ea
101 0  @achi
102    @aCN@b110000
105    @aac z 000yy
106    @ar
200 1  @a中外学前教育史@Azhong wai xue qian jiao yu shi@f孙昕, 贾蓉, 刘剑钊主编
210    @a北京@c航空工业出版社@d2021.2
215    @a217页@c图,画像@d26cm
300    @a创新型学前教育专业精品教材 “互联网+教育”新形态教材
330    @a本书从学前教育实践(制度)和学前教育思想(理论)两个维度出发,总结了中外悠久而丰富的学前教育思想和经验,阐明了古代、近现代和当代学前教育发展的历程,以及中外著名教育家为学前教育的发展在理论和实践两方面所做的杰出贡献,力求学生全面理解、把握学前教育学科的发展历史及脉络。
606 0  @a学前教育@x教育史@y世界@j教材
690    @aG619.1@v5
701  0 @a孙昕@Asun xin@4主编
701  0 @a贾蓉@Ajia rong@4主编
701  0 @a刘剑钊@Aliu jian zhao@4主编
801    @aCN@bAHXH@c20210922
905    @b1281310-4@dG619.1@e2129@f5
    
    中外学前教育史/孙昕, 贾蓉, 刘剑钊主编.-北京:航空工业出版社,2021.2
    217页:图,画像;26cm
    创新型学前教育专业精品教材 “互联网+教育”新形态教材
    
    ISBN 978-7-5165-2100-7:CNY45.00
    本书从学前教育实践(制度)和学前教育思想(理论)两个维度出发,总结了中外悠久而丰富的学前教育思想和经验,阐明了古代、近现代和当代学前教育发展的历程,以及中外著名教育家为学前教育的发展在理论和实践两方面所做的杰出贡献,力求学生全面理解、把握学前教育学科的发展历史及脉络。
●
相关链接 在E读中查询图书 在五车中查询图书 在当当中查询图书 在豆瓣中查询图书


正题名:中外学前教育史     索取号:G619.1/2129         预约/预借

序号 登录号 条形码 馆藏地/架位号 状态 备注
1 1281310   212813106   第一样本阅览室/ [索取号:G619.1/2129] 在馆    
2 1281311   212813115   教育系资料室/ [索取号:G619.1/2129] 在馆    
3 1281312   212813124   教育系资料室/ [索取号:G619.1/2129] 在馆    
4 1281313   212813133   第四借阅区/ [索取号:G619.1/2129] 在馆    
5 1281314   212813142   第四借阅区/ [索取号:G619.1/2129] 在馆    
唐山师范学院图书馆 欢迎您!
大连网信软件有限公司© 版权所有